| 000 | 03468cas a22008055a 4500 | ||
|---|---|---|---|
| 001 | J122909 | ||
| 008 | #DATE c1994 xxkmr 000 0 eng u | ||
| 022 | _a1357-2318 | ||
| 035 | _a(Sirsi) u122909 | ||
| 041 | _aeng | ||
| 050 |
_a692.5 _c18 |
||
| 110 |
_aBuilding Cost Information Service _91096 |
||
| 245 | _aBCIS indices and forecasts | ||
| 260 |
_aLondon _bBCIS _c1994- |
||
| 362 | 0 | _a1994- | |
| 490 | _aBCIS Bulletin Service | ||
| 490 | _aBCIS Indices and Forecasts | ||
| 505 | _aExecutive summary | ||
| 505 | _aBriefing : building cost trends ; latest indices ; previous quarter revisited ; economic background ; materials ; labour ; market conditions ; output ; orders ; housing ; output forecasts ; tender levels; preliminaries and profit ; forecast ; assumptions ; two year forecast | ||
| 505 | _aTender prices : All-in TPI, Market conditions index | ||
| 505 | _aRegional prices : Scotland, Northern, North West ; Yorkshire and Humberside, East Midlands, West Midlands ; East Anglia, South East, London ; South West, Wales | ||
| 505 | _aInput costs : General building costs, Steel, Concrete, Brick ; General building costs (excluding m and e), M and e, Labour, Materials, Plant | ||
| 505 | _aOutput prices : All-in, Public, Housing ; Private, Commercial, Industrial | ||
| 505 | _aLong-term trends : All-in tender price index, General building cost index, Retail prices index | ||
| 505 | _aForecast of fluctuations | ||
| 505 | _aMiscellaneous indicies : BCIS/ABI house rebuilding cost index ; retail prices index | ||
| 520 | _aQuarterly review of the latest figures for all BCIS Indices. Thoroughly researched this commentary of market conditions also projects trends over the forthcoming two-year period. Filed in "BCIS bulletin service" Binder 1. | ||
| 650 | _aBCIS/ABI HOUSE REBUILDING COST INDEX | ||
| 650 | _aBCIS ALL-IN OUTPUT PRICE INDEX | ||
| 650 | _aBCIS ALL-IN TENDER PRICE INDEX | ||
| 650 | _aBCIS CONCRETE FRAMED CONSTRUCTION COST INDEX | ||
| 650 | _aBCIS GENERAL BUILDING COST INDEX | ||
| 650 | _aBCIS GENERAL BUILDING COST (EXCLUDING M AND E) INDEX | ||
| 650 | _aBCIS LABOUR COST INDEX | ||
| 650 | _aBCIS M AND E COST INDEX | ||
| 650 | _aBCIS MARKET CONDITIONS INDEX | ||
| 650 | _aBCIS MATERIALS COST INDEX | ||
| 650 | _aBCIS PLANT COST INDEX | ||
| 650 | _aBCIS PRIVATE COMMERCIAL OUTPUT INDEX | ||
| 650 | _aBCIS PRIVATE INDUSTRIAL OUTPUT PRICE INDEX | ||
| 650 | _aBCIS PRIVATE SECTOR OUTPUT PRICE INDEX | ||
| 650 | _aBCIS PUBLIC SECTOR OUTPUT PRICE INDEX | ||
| 650 | _aBCIS STEEL FRAMED CONSTRUCTION COST INDEX | ||
| 650 | _aBUILT ENVIRONMENT-BUILDING COSTS | ||
| 650 | _aBUILDING INDUSTRY | ||
| 650 | _aBUILT ENVIRONMENT-BUILDING MATERIALS | ||
| 650 | _aCONSTRUCTION INDUSTRY | ||
| 650 | _aCONSTRUCTION FORECASTS | ||
| 650 | _aCONSTRUCTION INDICATORS | ||
| 650 | _aCONSTRUCTION ORDERS | ||
| 650 | _aCONSTRUCTION OUTPUT | ||
| 650 | _aTENDER INDICES | ||
| 650 | _aEAST ANGLIA | ||
| 650 | _aEAST MIDLANDS | ||
| 650 | _aHUMBERSIDE | ||
| 650 | _aLABOUR COSTS | ||
| 650 | _aLONDON | ||
| 650 | _aMECHANICAL AND ELECTRICAL COST INDICES | ||
| 650 | _aNORTHERN ENGLAND | ||
| 650 | _aNORTHWEST ENGLAND | ||
| 650 | _aPLANT COSTS | ||
| 650 | _aSCOTLAND | ||
| 650 | _aSOUTHEAST ENGLAND | ||
| 650 | _aSOUTHWEST ENGLAND | ||
| 650 | _aWALES | ||
| 650 | _aWEST MIDLANDS | ||
| 650 | _aYORKSHIRE | ||
| 690 | _aBUILT ENVIRONMENT-BUILDING COSTS | ||
| 942 | _n0 | ||
| 999 |
_c118784 _d118784 |
||